¿Cuánto sabes sobre deporte? - Estadísticas

Estadísticas generales
  • Esta prueba ha sido intentada 394 veces
  • La puntuación promedio es 8 de 25
Estadísticas de respuestas
Deporte Enunciado Respuesta % Correcto
Futbol Máximo goleador histórico de la selección española David Villa
81%
Futbol Primera campeona del mundo Uruguay
76%
Baloncesto Número de anillos ganados por Phil Jackson (en total) 13
73%
Futbol Equipo local del Olímpico de Turín Torino FC
67%
Futbol Año de fundación del Real Madrid C.F. 1902
65%
Natación Medallas olímpicas totales de Michael Phelps 22
62%
Baloncesto Año de nacimiento de Michael Jordan 1963
60%
Baloncesto País con más Euroligas Grecia
51%
Tenis Oro olímpico en individual masculino de Atlanta 96 André Agassi
33%
Waterpolo País de nacimiento de Felipe Perrone Brasil
33%
Rugby Lugar de celebración de la Copa Mundial 2015 Inglaterra y Gales
33%
Futbol 'El quinto Beatle' George Best
32%
Futbol Equipos con más campeonatos Paulistas Corinthians
31%
Tenis Tenista apuñalada en un partido en Hamburgo Monica Seles
27%
Football Americano Equipo en el que jugó Dan Marino Miami Dolphins
19%
Automovilismo Director de la escudería Red Bull Christian Horner
17%
Balonmano Seleccionador de Qatar Valero Rivera
15%
Motociclismo Lugar de nacimiento de Ángel Nieto Zamora
13%
Baloncesto Anterior nombre de Kareem Abdul-Jabbar Lew Alcindor
11%
Golf Apellido del apodado 'The Golden Bear' (el oso dorado) Nicklaus
11%
Ciclismo 'El caimán' Bernard Hinault
9%
Hockey sobre hielo Franquicia de Boston Bruins
9%
Atletismo Nacionalidad del especialista en 400m, Kirani James Granadino
7%
Ajedrez Jugadora que llegó a estar en el Top-10 mundial Judit Polgar
5%
Atletismo Recordwoman mundial de maratón Paula Radcliffe
4%
No se encontraron pruebas coincidentes
Distribución de puntuación
Porcentaje de gente con cada puntuación
Porcentaje por número respondido
Historial de tus puntuaciones
No has intentado esta prueba.